| 000 | 00381nam a2200145Ia 4500 | ||
|---|---|---|---|
| 008 | 210210b2001 xxu||||| |||| 00| 0 eng d | ||
| 020 | _a81 7381 095 8 | ||
| 082 | _a657.046 PAUA | ||
| 100 | _aPAUL (S Kr). | ||
| 245 | _aAccountancy. Vol.1. | ||
| 260 |
_aCalcutta _bNew Central Book Agency Private Limited _c2001 |
||
| 300 | _axix,1573 | ||
| 690 | _aAccountancy | ||
| 906 | _a060769 | ||
| 999 |
_c107907 _d107907 |
||